000 00438pab a2200157 454500
008 180718b2000 xxu||||| |||| 00| 0 eng d
100 _aBora, R.S.
245 _aArresting out migration: some policy considerations for Uttaranchal
260 _c2000
300 _ap.293-308
362 _aApr-Jun
650 _aMigration - India - Uttar Pradesh
650 _aMigration
773 _aIndian Journal of Labour Economics
909 _a46425
999 _c46425
_d46425